نمو الطفل، ج2 : (Record no. 6368)
[ view plain ]
| 000 -الفاتح | |
|---|---|
| حقل البيانات ثابتة الطول | 01239nac a22002531u 4500 |
| 008 - عناصر البيانات ثابتة الطول - معلومات عامة | |
| حقل البيانات ثابتة الطول | 100721t sy||||| ||| 00| 0ara d |
| 082 ## - رقم تصنيف ديوى العشرى | |
| رقم التصنيف | 612.65 |
| رقم المادة | ا ل ك |
| 100 ## - المدخل الرئيسى - إسم شخصى | |
| الإسم الشخصى | الكايند، ديفيد |
| 9 (RLIN) | 16567 |
| 245 ## - بيان العنوان | |
| العنوان | نمو الطفل، ج2 : |
| بقية العنوان | من الطفولة المتوسطة الى نهاية المراهقة/ |
| بيان المسئوليه,etc | ديفيد الكايند، ايرفينغ ب واينر؛ ترجمة ناظم الطحان |
| 246 ## - العنوان الموازى | |
| عنوان صحيح/عنوان مختصر | Development of the Child |
| 260 ## - PUBLICATION, DISTRIBUTION, ETC. (IMPRINT) | |
| مكان الناشر او الموزع | دمشق: |
| اسم الناشر او الموزع | وزارة الثقافة، 1996 |
| تاريخ النشر أو التوزيع | 1996 |
| 300 ## - الوصف المادى | |
| التعداد | 517 ص ؛ |
| أبعاد الوعاء | 24 سم |
| 490 ## - بيان السلسلة | |
| -- | 16568 |
| عنوان السلسلة | ؛ الدراسات النفسية |
| -- | 35 |
| 504 ## - تبصرة ببليوجرافية | |
| تبصرة ببليوجرافية,الخ | يشتمل على إرجاعات ببليوجرافية |
| 511 ## - | |
| -- | Catalogued by: Sara |
| 541 ## - تبصرة المصدر المباشر للتزويد | |
| مصدر التزويد | ألف باء ؛ |
| 650 ## - المدخل الاضافى بالموضوع-مصطلح موضوعى | |
| مصطلح موضوعي أو اسم جغرافي كعنصر مدخل | الأطفال |
| 9 (RLIN) | 15475 |
| التقسيم الفرعي العام | نمو |
| 650 ## - المدخل الاضافى بالموضوع-مصطلح موضوعى | |
| مصطلح موضوعي أو اسم جغرافي كعنصر مدخل | الأطفال |
| 9 (RLIN) | 22403 |
| التقسيم الفرعي العام | علم نفس |
| 650 ## - المدخل الاضافى بالموضوع-مصطلح موضوعى | |
| مصطلح موضوعي أو اسم جغرافي كعنصر مدخل | المراهقة |
| 9 (RLIN) | 22404 |
| 700 ## - المدخل الاضافى - اسم شخصى | |
| الإسم الشخصى | واينر، ايرفينغ ب |
| 9 (RLIN) | 16576 |
| 700 ## - المدخل الاضافى - اسم شخصى | |
| الإسم الشخصى | الطحان، ناظم |
| 9 (RLIN) | 16575 |
| الدور | مترجم |
| 942 ## - عناصر المدخل الإضافي( كوها) | |
| Koha [default] item type | Book - Borrowing |
| سابقة رقم الطلب | 612.65 ا ل ك |
| مصدر التصنيف او مخطط الترفيف | Dewey Decimal Classification |
| حالة التراجع | حالة الفقد | مصدر التصنيف او خطة الترفيف | حالة تلف | ليس للاعارة | مجموعات كوها | المكان الدائم | المكان الحالي | موقع الترفيف | تاريخ الاكتساب | Source of acquisition | رقم الاستدعاء | الباركود | Date last seen | مُعار | نوع الوعاء | تبصرة عامة |
|---|---|---|---|---|---|---|---|---|---|---|---|---|---|---|---|---|
| Dewey Decimal Classification | Central Library | Central Library | First floor | 21/07/2010 | 612.65 ا ل ك | 000007918 | 15/07/2025 | 09/05/2011 | Book - Borrowing | ج2 |